000 00271nam a2200097Ia 4500
005 20251222114404.0
008 251222s1900||||xx |||||||||||||| ||spa||
082 _aDVD0170/H51/1964
245 0 _aMarnie, confissoes de uma ladra:Marnie, confesiones de una ladrona
942 _cDVD
999 _c1776
_d1776